YB – Norwegian Postal Codes — 8000-8499 - Statistics

General Stats
  • This quiz has been taken 3 times
  • The average score is 160 of 241
Answer Stats
Hint Answer % Correct
8001 Bodø
100%
8184 Ågskardet
67%
8432 Alsvåg
67%
8480 Andenes
67%
8483 Andenes
67%
8373 Ballstad
67%
8374 Ballstad
67%
8426 Barkestad
67%
8481 Bleik
67%
8096 Bliksvær
67%
8002 Bodø
67%
8003 Bodø
67%
8004 Bodø
67%
8005 Bodø
67%
8006 Bodø
67%
8007 Bodø
67%
8008 Bodø
67%
8009 Bodø
67%
8010 Bodø
67%
8011 Bodø
67%
8012 Bodø
67%
8013 Bodø
67%
8014 Bodø
67%
8015 Bodø
67%
8016 Bodø
67%
8019 Bodø
67%
8020 Bodø
67%
8021 Bodø
67%
8022 Bodø
67%
8023 Bodø
67%
8025 Bodø
67%
8026 Bodø
67%
8027 Bodø
67%
8028 Bodø
67%
8029 Bodø
67%
8030 Bodø
67%
8031 Bodø
67%
8037 Bodø
67%
8038 Bodø
67%
8041 Bodø
67%
8047 Bodø
67%
8048 Bodø
67%
8049 Bodø
67%
8070 Bodø
67%
8071 Bodø
67%
8072 Bodø
67%
8073 Bodø
67%
8074 Bodø
67%
8075 Bodø
67%
8076 Bodø
67%
8079 Bodø
67%
8084 Bodø
67%
8085 Bodø
67%
8086 Bodø
67%
8087 Bodø
67%
8088 Bodø
67%
8089 Bodø
67%
8091 Bodø
67%
8092 Bodø
67%
8288 Bogøy
67%
8469 Bø i Vesterålen
67%
8470 Bø i Vesterålen
67%
8158 Bolga
67%
8360 Bøstad
67%
8361 Bøstad
67%
8103 Breivik i Salten
67%
8322 Brettesnes
67%
8324 Digermulen
67%
8270 Drag
67%
8271 Drag
67%
8485 Dverberg
67%
8264 Engan
67%
8168 Engavågen
67%
8170 Engavågen
67%
8287 Engeløya
67%
8289 Engeløya
67%
8200 Fauske
67%
8201 Fauske
67%
8202 Fauske
67%
8203 Fauske
67%
8205 Fauske
67%
8206 Fauske
67%
8207 Fauske
67%
8208 Fauske
67%
8209 Fauske
67%
8210 Fauske
67%
8211 Fauske
67%
8214 Fauske
67%
8218 Fauske
67%
8219 Fauske
67%
8094 Fleinvær
67%
8387 Fredvang
67%
8314 Gimsøysand
67%
8097 Givær
67%
8195 Gjerøy
67%
8189 Gjersvikgrenda
67%
8160 Glomfjord
67%
8161 Glomfjord
67%
8372 Gravdal
67%
8377 Gravdal
67%
8409 Gullesfjord
67%
8178 Halsa
67%
8179 Halsa
67%
8294 Hamarøy
67%
8298 Hamarøy
67%
8095 Helligvær
67%
8414 Hennes
67%
8311 Henningsvær
67%
8312 Henningsvær
67%
8138 Inndyr
67%
8140 Inndyr
67%
8260 Innhavet
67%
8261 Innhavet
67%
8187 Jektvik
67%
8309 Kabelvåg
67%
8310 Kabelvåg
67%
8093 Kjerringøy
67%
8313 Kleppstad
67%
8413 Kvitnes
67%
8098 Landegode
67%
8315 Laukvik
67%
8316 Laupstad
67%
8285 Leines
67%
8281 Leinesfjord
67%
8283 Leinesfjord
67%
8370 Leknes
67%
8376 Leknes
67%
8410 Lødingen
67%
8411 Lødingen
67%
8447 Lonkan
67%
8445 Melbu
67%
8459 Melbu
67%
8182 Melfjordbotn
67%
8157 Meløy
67%
8100 Misvær
67%
8108 Misvær
67%
8110 Moldjord
67%
8118 Moldjord
67%
8266 Mørsvikbotn
67%
8274 Musken
67%
8181 Myken
67%
8430 Myre
67%
8439 Myre
67%
8326 Myrland
67%
8382 Napp
67%
8149 Neverdal
67%
8273 Nevervik
67%
8136 Nordarnøy
67%
8286 Nordfold
67%
8489 Nordmela
67%
8198 Nordnesøy
67%
8188 Nordvernes
67%
8488 Nøss
67%
8120 Nygårdsjøen
67%
8150 Ørnes
67%
8151 Ørnes
67%
8380 Ramberg
67%
8388 Ramberg
67%
8390 Reine
67%
8398 Reine
67%
8146 Reipå
67%
8484 Risøyhamn
67%
8493 Risøyhamn
67%
8193 Rødøy
67%
8250 Rognan
67%
8251 Rognan
67%
8252 Rognan
67%
8253 Rognan
67%
8255 Røkland
67%
8256 Røkland
67%
8064 Røst
67%
8065 Røst
67%
8220 Røsvik
67%
8056 Saltstraumen
67%
8057 Saltstraumen
67%
8130 Sandhornøy
67%
8196 Selsøyvik
67%
8352 Sennesvik
67%
8102 Skjerstad
67%
8320 Skrova
67%
8290 Skutvik
67%
8134 Sørarnøy
67%
8135 Sørarnøy
67%
8190 Sørfjorden
67%
8400 Sortland
67%
8401 Sortland
67%
8402 Sortland
67%
8403 Sortland
67%
8404 Sortland
67%
8405 Sortland
67%
8406 Sortland
67%
8407 Sortland
67%
8408 Sortland
67%
8415 Sortland
67%
8416 Sortland
67%
8419 Sortland
67%
8392 Sørvågen
67%
8393 Sørvågen
67%
8340 Stamsund
67%
8378 Stamsund
67%
8438 Stø
67%
8450 Stokmarknes
67%
8455 Stokmarknes
67%
8278 Storå
67%
8323 Storfjell
67%
8275 Storjord i Tysfjord
67%
8328 Stormolla
67%
8197 Storselsøy
67%
8145 Storvik
67%
8159 Støtt
67%
8226 Straumen
67%
8232 Straumen
67%
8465 Straumsjøen
67%
8475 Straumsjøen
67%
8317 Strønstad
67%
8230 Sulitjelma
67%
8231 Sulitjelma
67%
8384 Sund i Lofoten
67%
8300 Svolvær
67%
8301 Svolvær
67%
8305 Svolvær
67%
8325 Tengelfjord
67%
8186 Tjongsfjorden
67%
8114 Tollå
67%
8297 Tranøy
67%
8428 Tunstad
67%
8050 Tverlandet
67%
8058 Tverlandet
67%
8276 Ulvsvåg
67%
8062 Værøy
67%
8063 Værøy
67%
8183 Vågaholmen
67%
8185 Vågaholmen
67%
8357 Valberg
67%
8215 Valnesfjord
67%
8233 Valnesfjord
67%
8412 Vestbygd
67%
8128 Ytre Beiarn
67%
8099 Jan Mayen
33%
8192 Jektvik
33%
8385 Mølnarodden
0%
No matching quizzes found
Score Distribution
Percent of People with Each Score
Percentile by Number Answered
Your Score History
You have not taken this quiz